| 000 | 01614cam a2200385 a 4500 | ||
|---|---|---|---|
| 999 |
_c16615 _d16615 |
||
| 008 | 150928s2011 maua b 001 0 eng c | ||
| 010 | _a 2009941954 | ||
| 020 | _a9781439081747 (student ed.) | ||
| 020 | _a1439081743 (student ed.) | ||
| 020 | _z9781439081761 (annotated instructor's ed.) | ||
| 020 | _z143908176X (annotated instructor's ed.) | ||
| 020 | _a9781439086193 (pbk. : IE) | ||
| 020 | _a1439086192 (pbk. : IE) | ||
| 050 | 0 | 0 | _aLB2343.3.B43 2011 |
| 245 | 0 | 0 |
_aBecoming a master student / _cDoug Toft, contributing editor ; Dean Mancina, faculty advisor. |
| 250 | _a13th ed. | ||
| 260 |
_aBoston, MA : _bWadsworth, Cengage Learning, _c©2011. |
||
| 300 |
_axiv, 402 p. : _bcol. ill. ; _c28 cm. |
||
| 504 | _aIncludes bibliographical references (p. 387-392) and index. | ||
| 650 | 0 | _aCollege student orientation. | |
| 650 | 0 | _aStudy skills. | |
| 650 | 7 |
_aCollege student orientation. _2fast |
|
| 650 | 7 |
_aStudy skills. _2fast |
|
| 700 | 1 | _aToft, Doug. | |
| 700 | 1 | _aMancina, Dean. | |
| 942 |
_2lcc _cBOOKS _hLB2343.3.B43 2011 |
||